Mujeres victimas de la violencia doméstica: programa de actuación (Registro nro. 1973)

Detalles MARC
000 -Cabecera
Campo de control de longitud fija 01083aam a2200373 4500
005 - Fecha y hora de la última transacción
Campo de control 20250812175500.0
008 - Elementos de longitud fija--Información general
Campo de control de longitud fija 150721b2005 xxu||||| |||| 00| 0 spa d
020 ## - International Standard Book Number
Número Internacional Estándar del Libro (ISBN) 9788436818468
041 ## - Idioma
Código de idioma Español
082 ## - Clasificación Decimal Dewey
Número de clasificación 362.829.2 L126m
100 ## - Entrada principal--Autor personal
Nombre personal Javier Labrador, Francisco
9 (RLIN) 15757
100 ## - Entrada principal--Autor personal
Nombre personal Paz Rincon, Paulina
9 (RLIN) 15758
100 ## - Entrada principal--Autor personal
Nombre personal Luis, Pilar de
9 (RLIN) 15759
100 ## - Entrada principal--Autor personal
Nombre personal Fernandez Velasco, Rocio
9 (RLIN) 15760
245 ## - Título propiamente dicho
Título Mujeres victimas de la violencia doméstica: programa de actuación
260 ## - Pie de imprenta
Lugar de publicación, distribución, etc. España
260 ## - Pie de imprenta
Nombre del editor, distribuidor, etc. Piramide
260 ## - Pie de imprenta
Fecha de publicación, distribución, etc. 2005
300 ## - Descripción física
Extensión 237 páginas
490 ## - Serie
Título de la Serie Investigación Criminal
650 ## - Materia general
Temática (materia general) VIOLENCIA DOMESTICA
650 ## - Materia general
Temática (materia general) ABUSO DE LAS MUJERES
650 ## - Materia general
Temática (materia general) MUJERES VICTIMAS
650 ## - Materia general
Temática (materia general) CONSECUENCIAS PSICOLÓGICAS
650 ## - Materia general
Temática (materia general) PROGRAMA DE INTERVENCIÓN
650 ## - Materia general
Temática (materia general) PROGRAMA DE TRATAMIENTO
650 ## - Materia general
Temática (materia general) PLAN DE SEGURIDAD
650 ## - Materia general
Temática (materia general) SINDROME DE LA MUJER MALTRATADA
650 ## - Materia general
Temática (materia general) DEPRESIÓN
650 ## - Materia general
Temática (materia general) AUTOESTIMA
650 ## - Materia general
Temática (materia general) ANSIEDAD
650 ## - Materia general
Temática (materia general) INSTRUMENTOS DE EVALUACIÓN
942 ## - Punto de acceso adicional KOHA
Tipo de ítem KOHA Libro
Fuente del sistema de clasificación o colocación Dewey Decimal Classification
Existencias
Signatura completa Código de barras Programa Académico Tipo de ítem
362.829.2 L126m 11398 Investigación Criminal Libro